| 000 | 00457nam a2200181Ia 4500 | ||
|---|---|---|---|
| 001 | 4539 | ||
| 005 | 20260306145803.0 | ||
| 008 | 260306t2009||||xx |||||||||||||| ||spa|| | ||
| 041 | _aESP | ||
| 082 |
_a324.285 _bM22 |
||
| 100 |
_aManrique, Nelson _eAUT |
||
| 245 | 0 |
_a¡Usted fue aprista!: _bbases para una historia crítica del APRA |
|
| 260 | _c2009 | ||
| 300 |
_a439 páginas : _c24 cm. |
||
| 650 | _aGEN | ||
| 654 | _aCDE | ||
| 942 |
_cLIB _dJUS _fJUS _2ddc _n |
||
| 999 |
_c4539 _d4539 |
||